Eco-Preservation through the Lens of Igbo Beliefs and Practices: A Re-Imagination

This research was carried out to investigate the various cultural practices of the Igbo people of Eastern Nigeria that were/are useful in saving the ecosystem from capricious human activities in traditional society. This is with the aim of finding how they could be adopted to checkmate the modern pr...

Full description

Saved in:  
Bibliographic Details
Authors: Nkama, Chinyere Lilian (Author) ; Okoro, Kingsley Nwannennaya (Author) ; Egbule, Emmanuel (Author)
Format: Electronic Article
Language:English
Check availability: HBZ Gateway
Interlibrary Loan:Interlibrary Loan for the Fachinformationsdienste (Specialized Information Services in Germany)
Published: 2022
In: Religions
Year: 2022, Volume: 13, Issue: 11
Further subjects:B ecosystem
B nature preservation
B Religion
B Igbo
B Culture
Online Access: Volltext (kostenfrei)
Volltext (kostenfrei)

MARC

LEADER 00000caa a22000002c 4500
001 1820791092
003 DE-627
005 20250226035101.0
007 cr uuu---uuuuu
008 221105s2022 xx |||||o 00| ||eng c
024 7 |a 10.3390/rel13111066  |2 doi 
035 |a (DE-627)1820791092 
035 |a (DE-599)KXP1820791092 
040 |a DE-627  |b ger  |c DE-627  |e rda 
041 |a eng 
084 |a 0  |2 ssgn 
100 1 |e VerfasserIn  |0 (DE-588)1305404386  |0 (DE-627)1860972381  |4 aut  |a Nkama, Chinyere Lilian 
109 |a Nkama, Chinyere Lilian  |a Nkama, Chinyere 
245 1 0 |a Eco-Preservation through the Lens of Igbo Beliefs and Practices: A Re-Imagination 
264 1 |c 2022 
336 |a Text  |b txt  |2 rdacontent 
337 |a Computermedien  |b c  |2 rdamedia 
338 |a Online-Ressource  |b cr  |2 rdacarrier 
520 |a This research was carried out to investigate the various cultural practices of the Igbo people of Eastern Nigeria that were/are useful in saving the ecosystem from capricious human activities in traditional society. This is with the aim of finding how they could be adopted to checkmate the modern practices that degrade and violate the environment. The researchers adopted a qualitative approach for data collection. This is because the research is a social survey and addresses social issues. As such, data were collected using surveys and oral/personal communication. The study discovered that there is a nexus between indigenous cultural/cosmological knowledge and ecosystem preservation/sustainability and as such notes that the current earth devastation within modern Igbo society is a result of neglect of the indigenous knowledge system. The work observes that, if this knowledge system is incorporated into current ethics of eco-preservation, the present eco-risk would diminish. The work therefore recommends that cultural/indigenous environmental education, advocacy and ecosystem activism and locally managed ecotourism be incorporated into both formal and informal education of the modern Igbo knowledge system. 
650 4 |a nature preservation 
650 4 |a ecosystem 
650 4 |a Culture 
650 4 |a Religion 
650 4 |a Igbo 
700 1 |a Okoro, Kingsley Nwannennaya  |e VerfasserIn  |4 aut 
700 1 |a Egbule, Emmanuel  |e VerfasserIn  |4 aut 
773 0 8 |i Enthalten in  |t Religions  |d Basel : MDPI, 2010  |g 13(2022), 11, Artikel-ID 1066  |h Online-Ressource  |w (DE-627)665435797  |w (DE-600)2620962-7  |w (DE-576)348219067  |x 2077-1444  |7 nnas 
773 1 8 |g volume:13  |g year:2022  |g number:11  |g elocationid:1066 
856 4 0 |u https://doi.org/10.3390/rel13111066  |x Resolving-System  |z kostenfrei  |3 Volltext  |7 0 
856 4 0 |u https://www.mdpi.com/2077-1444/13/11/1066  |x Verlag  |z kostenfrei  |3 Volltext  |7 0 
935 |a mteo 
951 |a AR 
ELC |a 1 
LOK |0 000 xxxxxcx a22 zn 4500 
LOK |0 001 4206864861 
LOK |0 003 DE-627 
LOK |0 004 1820791092 
LOK |0 005 20221105052645 
LOK |0 008 221105||||||||||||||||ger||||||| 
LOK |0 035   |a (DE-Tue135)IxTheo#2022-11-04#548335CE886DA775EAAC9F58946E8AC3D97918F4 
LOK |0 040   |a DE-Tue135  |c DE-627  |d DE-Tue135 
LOK |0 092   |o n 
LOK |0 852   |a DE-Tue135 
LOK |0 852 1  |9 00 
LOK |0 935   |a ixzs  |a zota 
LOK |0 939   |a 05-11-22  |b l01 
OAS |a 1 
ORI |a SA-MARC-ixtheoa001.raw 
REL |a 1 
STA 0 0 |a Religion,Religion in literature,Religions,Religion 
STB 0 0 |a Religion,Religions,Religion 
STC 0 0 |a Religión,Religión,Religión 
STD 0 0 |a Religione,Religione,Religione 
STE 0 0 |a 宗教,宗教 
STF 0 0 |a 宗教,宗教 
STG 0 0 |a Religião,Religião 
STH 0 0 |a Религия,Религия (мотив) 
STI 0 0 |a Θρησκεία,Θρησκεία (μοτίβο) 
SUB |a REL 
SYE 0 0 |a Religion,Mystik,Mythologie